FUNDAMENTAL OF BIOCHEMISTRY FOR MEDICAL STUDENTS (Record no. 26331)

MARC details
000 -LEADER
fixed length control field 00437nam a22001697a 4500
003 - CONTROL NUMBER IDENTIFIER
control field SGT
020 ## - INTERNATIONAL STANDARD BOOK NUMBER
International Standard Book Number 9788184736960
082 ## - DEWEY DECIMAL CLASSIFICATION NUMBER
Classification number 612.015
Item number F12S
100 ## - MAIN ENTRY--PERSONAL NAME
Personal name SHANMUGAM, AMBIKA
245 ## - TITLE STATEMENT
Title FUNDAMENTAL OF BIOCHEMISTRY FOR MEDICAL STUDENTS
250 ## - EDITION STATEMENT
Edition statement 7TH
260 ## - PUBLICATION, DISTRIBUTION, ETC. (IMPRINT)
Place of publication, distribution, etc INDIA
Name of publisher, distributor, etc WOLTERS KLUWER
Year of Publication 2012
300 ## - PAGE DESCRIPTION
No. of Pages 783
650 ## - SUBJECT ADDED ENTRY--TOPICAL TERM
Topical term or geographic name as entry element BIOCHEMISTRY
653 ## - KEYWORDS--INDEX TERM
Keyword term FUNDAMENTAL OF BIOCHEMISTRY FOR MEDICAL STUDENTS
942 ## - ADDED ENTRY ELEMENTS (KOHA)
Source of classification or shelving scheme Dewey Decimal Classification
Koha item type Books
Holdings
Withdrawn status Lost status Source of classification or shelving scheme Damaged status Not for loan Collection code Home library Current library Shelving location Date acquired Vendor Name SGTU Total Checkouts Full call number Accession No. (Barcode) Date last seen Bill Date Koha item type
    Dewey Decimal Classification   Not For Loan MEDICAL SGT Medical Library SGT Medical Library Reference Book 14/05/2024 COMP SGTU   612.015 F12S FM14394 14/05/2024 14/05/2024 Books